000 00652cab a2200229 4500
001 ABS43270
008 090401t1990 xxu||||| |||| 00| 0 eng d
035 _a(Sirsi) u41155
041 _aeng
100 _aBowie, N.
245 _aNew weapon in valuers` armoury
260 _c1990
350 _a0
490 _aEstates Times
_v(1059) 10 August 1990, 6
520 _aHighlights changes in the most recent edition of the RICS Statements on Asset Valuation Practice .
650 _aASSETS
650 _aRICS APPRAISAL AND VALUATION MANUAL
650 _aValuation
_96273
690 _aRATING AND VALUATION
942 _n0
948 _c04/03/1997
999 _c26435
_d26435